The essential career guide to becoming a middle and high school teacher (Record no. 12373)
[ view plain ]
| 000 -LEADER | |
|---|---|
| fixed length control field | 01456nam a2200337 a 4500 |
| 082 04 - DEWEY DECIMAL CLASSIFICATION NUMBER | |
| Classification number | 373.11/0023 |
| 100 1# - MAIN ENTRY--AUTHOR NAME | |
| Personal name | Maloy, Robert W. |
| 245 14 - TITLE STATEMENT | |
| Title | The essential career guide to becoming a middle and high school teacher |
| 260 ## - PUBLICATION, DISTRIBUTION, ETC. (IMPRINT) | |
| Place of publication | Westport, Conn. : |
| Name of publisher | Bergin & Garvey, |
| Year of publication | 1999. |
| 300 ## - PHYSICAL DESCRIPTION | |
| Number of Pages | xiv, 237 p. |
| 650 #0 - SUBJECT ADDED ENTRY--TOPICAL TERM | |
| Topical Term | Middle school teaching |
| Topical Term | High school teaching |
| Topical Term | Middle school teachers |
| Topical Term | High school teachers |
| 700 1# - ADDED ENTRY--PERSONAL NAME | |
| Personal name | Seidman, Irving, |
| 856 40 - ELECTRONIC LOCATION AND ACCESS | |
| Uniform Resource Identifier | http://site.ebrary.com/lib/rucke/Doc?id=10017951 |
No items available.
